Encountering truth (Record no. 11020)

MARC details
000 -LEADER
campo de control de longitud fija 00521ntaaa2200193 4500
003 - IDENTIFICADOR DE NÚMERO DE CONTROL
campo de control 01
005 - FECHA Y HORA DE LA ÚLTIMA TRANSACCIÓN
campo de control 20251027201630.0
008 - DATOS DE LONGITUD FIJA--INFORMACIÓN GENERAL
campo de control de longitud fija 0714s1973 ag 01
040 ## - FUENTE DE CATALOGACIÓN
Centro catalogador/agencia de origen AR-BaBN
Lengua de catalogación spa
Centro/agencia transcriptor AR-BaBN
Normas de descripción aacr
Centro/agencia modificador RIC
082 ## - NÚMERO DE LA CLASIFICACIÓN DECIMAL DEWEY
Número de clasificación 231.7400 H28
100 ## - ENTRADA PRINCIPAL--NOMBRE DE PERSONA
Nombre de persona Hatt, Harold
9 (RLIN) 15061
245 ## - MENCIÓN DEL TÍTULO
Título Encountering truth
250 ## - MENCION DE EDICION
Mención de edición 1 ed.
260 ## - PUBLICACIÓN, DISTRIBUCIÓN, ETC.
Lugar de publicación, distribución, etc. Nashville :
Nombre del editor, distribuidor, etc. Abingdon Press,
Fecha de publicación, distribución, etc. c1966
300 ## - DESCRIPCIÓN FÍSICA
Extensión 208 p
500 ## - NOTA GENERAL
Nota general Un nuevo enfoque de como se encuentra la doctrina a través de la revelación
650 ## - PUNTO DE ACCESO ADICIONAL DE MATERIA--TÉRMINO DE MATERIA
Término de materia o nombre geográfico como elemento de entrada Revelación
942 ## - ELEMENTOS DE ENTRADA SECUNDARIOS (KOHA)
Tipo de ítem Koha Colección General
Holdings
Estatus retirado Estado de pérdida Estado de daño No para préstamo Biblioteca de origen Biblioteca actual Fecha de adquisición Número de inventario Total de préstamos Signatura topográfica completa Código de barras Visto por última vez Precio de reemplazo Tipo de ítem Koha
        Biblioteca Pluis Biblioteca Pluis 27/10/2025 26496   231.7400 H28 26496 27/10/2025 27/10/2025 Colección General